000 00209 a2200097 4500
001 2833
100 _aMore, T
245 _aSelections from his english works
260 _a
_bClarendon
_c
090 _c2128
_d2128
942 _aNUST-CAE
_cM
_c12536
999 _c237906
_d237906